[Event "Montreal Mercredi 04"]
[Site "Montreal"]
[Date "2019.04.12"]
[Round "3"]
[White "Gauthier, Luc"]
[Black "Lescarbeau, Martin"]
[Result "1-0"]
[WhiteElo "1742"]
[BlackElo "1778"]
[PlyCount "39"]
[EventDate "2019.04.03"]
[EventType "swiss"]
[EventRounds "5"]
[EventCountry "CAN"]
[SourceTitle "EXT 2022"]
[Source "ChessBase"]
[SourceDate "2021.10.06"]
[SourceVersion "1"]
[SourceVersionDate "2021.10.06"]
[SourceQuality "1"]

1. e4 e5 2. Nf3 Nc6 3. c3 Bc5 4. d4 exd4 5. cxd4 Bb4+ 6. Bd2 Qe7 7. Bd3 Nf6 8. 0-0 Bxd2 9. Qxd2 d6 10. h3 0-0 11. Nc3 g6 12. Rfe1 Nb4 13. Bc4 c5 14. e5 dxe5 15. Rxe5 Qd7 16. Qg5 cxd4 17. Qxf6 dxc3 18. Re7 Qf5 19. Bxf7+ Rxf7 20. Re8+ 1-0

[Event "Ste Foy Morphy"]
[Site "Ste Foy"]
[Date "2019.03.23"]
[Round "5"]
[White "Michaud, Jacques"]
[Black "Lescarbeau, Martin"]
[Result "0-1"]
[WhiteElo "1578"]
[BlackElo "1722"]
[PlyCount "110"]
[EventDate "2019.02.16"]
[EventType "swiss"]
[EventRounds "5"]
[EventCountry "CAN"]
[SourceTitle "EXT 2022"]
[Source "ChessBase"]
[SourceDate "2021.10.06"]
[SourceVersion "1"]
[SourceVersionDate "2021.10.06"]
[SourceQuality "1"]

1. d4 e6 2. Nf3 f5 3. g3 Nf6 4. Bg2 Be7 5. 0-0 0-0 6. c4 d6 7. Nc3 Nc6 8. Bg5 Ne4 9. Nxe4 fxe4 10. Bxe7 Qxe7 11. Nd2 d5 12. e3 Nb4 13. f4 c6 14. a3 Na6 15. b4 b5 16. c5 Nc7 17. Bh3 Ne8 18. Qh5 g6 19. Qg5 Qg7 20. Qe5 Qf6 21. Qxf6 Nxf6 22. Nb3 Bd7 23. Na5 Rae8 24. Nb7 Re7 25. Nd6 Ne8 26. Nxe8 Rexe8 27. Ra2 a5 28. Rff2 Ra8 29. Bg4 Ra7 30. Bd1 Rfa8 31. Bb3 Bc8 32. h4 h5 33. Rg2 Kg7 34. Kh2 Kf6 35. Rgf2 Ke7 36. Kg2 Kd7 37. Kf1 Kc7 38. Ke1 Kb7 39. Kd1 axb4 40. axb4 Ra3 41. Rab2 Ra1+ 42. Ke2 Rg1 43. Rh2 Rxg3 44. Kf2 Rf3+ 45. Ke2 Ra1 46. Bd1 Ra3 47. Bb3 e5 48. fxe5 Bg4 49. Rg2 Ra1 50. Bd1 Rh3+ 51. Rxg4 hxg4 52. e6 Kc7 53. Kd2 Rxd1+ 54. Kxd1 Rh1+ 55. Kd2 Rh2+ 0-1

[Event "Ste Foy Morphy"]
[Site "Ste Foy"]
[Date "2018.02.24"]
[Round "2"]
[White "Lescarbeau, Martin"]
[Black "Sauve, Richard"]
[Result "0-1"]
[WhiteElo "1651"]
[BlackElo "1913"]
[PlyCount "92"]
[EventDate "2018.02.17"]
[EventType "swiss"]
[EventRounds "5"]
[EventCountry "CAN"]
[SourceTitle "EXT 2022"]
[Source "ChessBase"]
[SourceDate "2021.10.06"]
[SourceVersion "1"]
[SourceVersionDate "2021.10.06"]
[SourceQuality "1"]

1. d4 d5 2. e4 dxe4 3. Nc3 Nf6 4. f3 Bf5 5. fxe4 Nxe4 6. Nxe4 Bxe4 7. Nf3 e6 8. Bc4 Be7 9. 0-0 0-0 10. Ne5 Bg6 11. c3 Nd7 12. Nxg6 hxg6 13. Qe2 Nf6 14. Bg5 c6 15. Rae1 Nd5 16. Bxe7 Qxe7 17. Qf3 Rad8 18. Bb3 Nf6 19. Re5 Nd7 20. Re2 Qg5 21. Qh3 Nf6 22. Rfe1 Qg4 23. Qe3 Nd5 24. Qf2 Qf4 25. Bxd5 Qxf2+ 26. Kxf2 Rxd5 27. Re5 Rfd8 28. Kf3 Rxe5 29. Rxe5 Rd5 30. Kf4 Kf8 31. Ke4 Ke7 32. c4 Rxe5+ 33. dxe5 c5 34. g4 b6 35. g5 Kd7 36. h4 Kc6 37. a4 a6 38. Kd3 Kd7 39. b3 Ke7 40. Ke4 f6 41. Kf4 fxe5+ 42. Ke4 Kd6 43. Ke3 e4 44. Kxe4 e5 45. Kf3 Ke6 46. Ke4 a5 0-1

[Event "Ste Foy Euwe"]
[Site "Ste Foy"]
[Date "2016.02.13"]
[Round "5"]
[White "Lescarbeau, Martin"]
[Black "Sarra Bournet, Marc"]
[Result "0-1"]
[WhiteElo "1650"]
[BlackElo "1856"]
[PlyCount "54"]
[EventDate "2016.01.16"]
[EventType "swiss"]
[EventRounds "5"]
[EventCountry "CAN"]
[SourceTitle "EXT 2022"]
[Source "ChessBase"]
[SourceDate "2021.10.06"]
[SourceVersion "1"]
[SourceVersionDate "2021.10.06"]
[SourceQuality "1"]

1. d4 d5 2. e4 dxe4 3. Nc3 Nf6 4. f3 exf3 5. Nxf3 Bg4 6. Bc4 e6 7. Bg5 Be7 8. Qd2 0-0 9. 0-0-0 Nc6 10. h3 Bxf3 11. gxf3 Nd5 12. Ne4 Bxg5 13. Nxg5 Qf6 14. Bd3 g6 15. c3 Nf4 16. Ne4 Nxd3+ 17. Qxd3 Qf4+ 18. Kb1 Rad8 19. Qc2 b5 20. h4 b4 21. h5 Rd5 22. Rdg1 bxc3 23. bxc3 Rb8+ 24. Ka1 Rf5 25. hxg6 hxg6 26. Rg4 Qxf3 27. Qh2 Qf1+ 0-1

[Event "Montcalm III 2015-16"]
[Site "Quebec"]
[Date "2015.12.17"]
[Round "5"]
[White "Cournoyer, Dominic"]
[Black "Lescarbeau, Martin"]
[Result "1-0"]
[WhiteElo "2017"]
[BlackElo "1584"]
[PlyCount "37"]
[EventDate "2015.11.19"]
[EventType "swiss"]
[EventRounds "5"]
[EventCountry "CAN"]
[SourceTitle "EXT 2019"]
[Source "ChessBase"]
[SourceDate "2018.10.10"]
[SourceVersion "1"]
[SourceVersionDate "2018.10.10"]
[SourceQuality "1"]

1. c4 e5 2. Nc3 Nc6 3. Nf3 Nf6 4. d4 exd4 5. Nxd4 Bb4 6. g3 0-0 7. Bg2 Re8 8. 0-0 Ne5 9. Na4 d6 10. a3 Bc5 11. b4 Bxd4 12. Qxd4 Nc6 13. Qd3 Qe7 14. Re1 Bd7 15. b5 Ne5 16. Qd4 c5 17. Qc3 Be6 18. Nb2 d5 19. Qxe5 1-0

[Event "Montreal McGill op U2000"]
[Site "Montreal"]
[Date "2012.05.12"]
[Round "2"]
[White "Lescarbeau, Martin"]
[Black "Giroux, Robert"]
[Result "0-1"]
[WhiteElo "1609"]
[BlackElo "1879"]
[PlyCount "98"]
[EventDate "2012.05.11"]
[EventType "swiss"]
[EventRounds "5"]
[EventCountry "CAN"]
[SourceTitle "EXT 2022"]
[Source "ChessBase"]
[SourceDate "2021.10.06"]
[SourceVersion "1"]
[SourceVersionDate "2021.10.06"]
[SourceQuality "1"]

1. e4 g6 2. d4 Bg7 3. c4 c5 4. Nf3 cxd4 5. Nxd4 Qb6 6. Nb3 d6 7. Be3 Qc7 8. Nc3 b6 9. Rc1 Bb7 10. Qd3 Nd7 11. Nd5 Qd8 12. Be2 e6 13. Nc3 Nc5 14. Nxc5 dxc5 15. Qxd8+ Rxd8 16. f3 Ne7 17. 0-0 Nc6 18. Rfd1 Bd4 19. Kf2 Ke7 20. Bxd4 cxd4 21. Na4 Ba6 22. b3 e5 23. a3 Nb8 24. b4 Nd7 25. b5 Bb7 26. c5 Nxc5 27. Nxc5 bxc5 28. Rxc5 Kd6 29. Rdc1 Rc8 30. R5c4 Rxc4 31. Rxc4 Rc8 32. Ra4 Ra8 33. Bc4 f5 34. Bd5 Bxd5 35. exd5 Kxd5 36. Ra6 e4 37. a4 Kc5 38. b6 Kc6 39. bxa7+ Kb7 40. Rd6 d3 41. fxe4 fxe4 42. Re6 Rd8 43. Ke1 Rd4 44. Re7+ Ka8 45. a5 Ra4 46. a6 Ra1+ 47. Kd2 Ra2+ 48. Kd1 Rxg2 49. Rxh7 e3 0-1

[Event "Montreal McGill op U2000"]
[Site "Montreal"]
[Date "2012.05.11"]
[Round "1"]
[White "Lescarbeau, Martin"]
[Black "Eshleman, Brandon"]
[Result "0-1"]
[WhiteElo "1609"]
[BlackElo "1912"]
[PlyCount "72"]
[EventDate "2012.05.11"]
[EventType "swiss"]
[EventRounds "5"]
[EventCountry "CAN"]
[SourceTitle "EXT 2022"]
[Source "ChessBase"]
[SourceDate "2021.10.06"]
[SourceVersion "1"]
[SourceVersionDate "2021.10.06"]
[SourceQuality "1"]

1. e4 e5 2. Nc3 Nc6 3. f4 exf4 4. Nf3 g5 5. d4 g4 6. Ne5 Nxe5 7. dxe5 Qh4+ 8. Ke2 f3+ 9. gxf3 gxf3+ 10. Kxf3 Bc5 11. Be3 d6 12. h3 Bg4+ 13. hxg4 Qxh1+ 14. Bg2 Qxd1+ 15. Rxd1 Bxe3 16. Kxe3 0-0-0 17. g5 Ne7 18. exd6 Rxd6 19. Rxd6 cxd6 20. Nb5 Kd7 21. b4 Nc6 22. Bh3+ Ke7 23. a3 h6 24. gxh6 Rxh6 25. Bf5 Rh2 26. Kd3 a6 27. Nc7 Kf6 28. Nd5+ Ke5 29. Bc8 Nd8 30. Ne3 Kf4 31. Nc4 Rh6 32. a4 b5 33. axb5 axb5 34. Na3 Nc6 35. c3 Rh5 36. Bd7 Ne5+ 0-1

[Event "Montreal Transcontinental 4"]
[Site "Montreal"]
[Date "2011.05.01"]
[Round "4"]
[White "Efpraxiadis, Jean"]
[Black "Lescarbeau, Martin"]
[Result "1/2-1/2"]
[WhiteElo "1647"]
[BlackElo "1616"]
[PlyCount "134"]
[EventDate "2011.04.29"]
[EventType "tourn"]
[EventRounds "5"]
[EventCountry "CAN"]
[SourceTitle "EXT 2013"]
[Source "ChessBase"]
[SourceDate "2012.11.22"]
[SourceVersion "1"]
[SourceVersionDate "2012.11.22"]
[SourceQuality "1"]

1. e4 c6 2. d4 d5 3. exd5 cxd5 4. c4 Nf6 5. Nc3 g6 6. Nf3 Bg7 7. Bd3 Nc6 8. c5 0-0 9. Bf4 Bg4 10. Be2 Ne4 11. Ne5 Bxe2 12. Nxc6 bxc6 13. Nxe2 e5 14. f3 Qa5+ 15. Bd2 Nxd2 16. Qxd2 Qxd2+ 17. Kxd2 exd4 18. Kd3 Rfe8 19. Nxd4 Bxd4 20. Kxd4 Re2 21. b4 Rae8 22. a4 Rd2+ 23. Kc3 Ree2 24. b5 Rc2+ 25. Kb4 Rc4+ 26. Ka5 Rxc5 27. Rhc1 Rec2 28. Rxc2 Rxc2 29. bxc6 Rxc6 30. Rd1 Kf8 31. Rxd5 Ke7 32. Rd2 f5 33. Kb5 Rb6+ 34. Kc4 Ra6 35. Ra2 Kd7 36. a5 Rc6+ 37. Kb5 a6+ 38. Kb4 Kd6 39. Rd2+ Kc7 40. Rd5 Rc1 41. Rc5+ Rxc5 42. Kxc5 g5 43. g4 f4 44. Kd5 Kd7 45. Ke5 Kc6 46. Kf5 Kb5 47. Kxg5 Kxa5 48. Kxf4 Kb5 49. Ke3 Kc4 50. f4 a5 51. f5 a4 52. f6 a3 53. f7 a2 54. f8Q a1Q 55. Qf7+ Kc5 56. Qxh7 Qg1+ 57. Kf4 Qf2+ 58. Kg5 Qe3+ 59. Kf6 Qd4+ 60. Kf7 Qd7+ 61. Kg8 Qxg4+ 62. Kh8 Qc8+ 63. Kg7 Qd7+ 64. Kg6 Qe6+ 65. Kg5 Qe3+ 66. Kg4 Qe2+ 67. Kg3 Qe3+ 1/2-1/2

[Event "Montreal Mercredi 02"]
[Site "Montreal"]
[Date "2011.03.09"]
[Round "3"]
[White "Lescarbeau, Martin"]
[Black "Dardoura, Khaled"]
[Result "1-0"]
[WhiteElo "1621"]
[BlackElo "1613"]
[PlyCount "71"]
[EventDate "2011.02.23"]
[EventType "tourn"]
[EventRounds "5"]
[EventCountry "CAN"]
[SourceTitle "EXT 2013"]
[Source "ChessBase"]
[SourceDate "2012.11.22"]
[SourceVersion "1"]
[SourceVersionDate "2012.11.22"]
[SourceQuality "1"]

1. e4 c6 2. d4 d5 3. Nc3 dxe4 4. Nxe4 Bf5 5. Ng3 Bg6 6. Bc4 Nf6 7. N1e2 h6 8. 0-0 Nbd7 9. f4 e6 10. f5 Bh7 11. fxe6 fxe6 12. Bxe6 Qe7 13. Bb3 0-0-0 14. Nf4 Nc5 15. c3 Qc7 16. Ne6 Nxe6 17. Bxe6+ Kb8 18. Nf5 Bxf5 19. Bxf5 Bd6 20. h3 Rhf8 21. Rf3 Nh5 22. g4 Ng3 23. Be3 Nxf5 24. gxf5 Qe7 25. Qd3 Qh4 26. Raf1 Rf6 27. Bf4 Bxf4 28. Rxf4 Qh5 29. Qg3 Rdd6 30. Rg4 g6 31. Rxg6 Rxg6 32. fxg6 Qxg6 33. Rf8+ Kc7 34. Qxg6 Rxg6+ 35. Kf2 Kd6 36. Rf7 1-0

[Event "Montreal Transcontinental 2-B"]
[Site "Montreal"]
[Date "2010.02.05"]
[Round "1"]
[White "Gauthier, Luc"]
[Black "Lescarbeau, Martin"]
[Result "1-0"]
[WhiteElo "1704"]
[BlackElo "1530"]
[PlyCount "55"]
[EventDate "2010.02.05"]
[EventType "tourn"]
[EventRounds "5"]
[EventCountry "CAN"]
[SourceTitle "EXT 2013"]
[Source "ChessBase"]
[SourceDate "2012.11.22"]
[SourceVersion "1"]
[SourceVersionDate "2012.11.22"]
[SourceQuality "1"]

1. e4 e5 2. f4 exf4 3. Nf3 d6 4. Bc4 g5 5. 0-0 Bg7 6. d4 h6 7. c3 Nf6 8. Nbd2 0-0 9. e5 Ng4 10. Nb3 dxe5 11. h3 e4 12. Nxg5 hxg5 13. hxg4 Qd6 14. Nd2 e3 15. Ne4 Qe7 16. Qf3 Be6 17. Bd3 f5 18. Nc5 fxg4 19. Qe4 Re8 20. Qh7+ Kf8 21. Bxe3 Qf6 22. Nxe6+ Rxe6 23. Bxf4 gxf4 24. Bc4 Re3 25. Qg8+ Ke7 26. Rae1 Rxe1 27. Rxe1+ Kd7 28. Qe8+ 1-0

[Event "Montreal Unisource 4th"]
[Site "Montreal"]
[Date "2009.02.28"]
[Round "3"]
[White "Lescarbeau, Martin"]
[Black "Zhao, Yang Luo"]
[Result "0-1"]
[WhiteElo "1574"]
[BlackElo "1650"]
[PlyCount "38"]
[EventDate "2009.02.27"]
[EventType "tourn"]
[EventRounds "5"]
[EventCountry "CAN"]
[SourceTitle "EXT 2011"]
[Source "ChessBase"]
[SourceDate "2010.11.26"]
[SourceVersion "1"]
[SourceVersionDate "2010.11.26"]
[SourceQuality "1"]

1. d4 Nf6 2. Nf3 g6 3. e3 e6 4. Nbd2 d5 5. c3 Nbd7 6. Bd3 c5 7. 0-0 Qc7 8. Re1 Bg7 9. e4 dxe4 10. Nxe4 0-0 11. g3 Nd5 12. c4 Nb4 13. Bf4 Qc6 14. Bd6 Re8 15. Bxc5 Nxc5 16. Nxc5 Bxd4 17. Nb3 Bxb2 18. Rb1 Bc3 19. Re2 Qxf3 0-1

[Event "Montreal Mercredi 02"]
[Site "Montreal"]
[Date "2008.03.13"]
[Round "5"]
[White "Zhang, Zhiyuan"]
[Black "Lescarbeau, Martin"]
[Result "1/2-1/2"]
[WhiteElo "1479"]
[BlackElo "1461"]
[PlyCount "99"]
[EventDate "2008.02.20"]
[EventType "tourn"]
[EventRounds "5"]
[EventCountry "CAN"]
[SourceTitle "EXT 2011"]
[Source "ChessBase"]
[SourceDate "2010.11.26"]
[SourceVersion "1"]
[SourceVersionDate "2010.11.26"]
[SourceQuality "1"]

1. e4 c5 2. c3 Nf6 3. e5 Nd5 4. d4 cxd4 5. cxd4 e6 6. Nf3 Nc6 7. Nc3 Bb4 8. Bd2 Nb6 9. Ne4 d5 10. exd6 Bxd6 11. Bb5 0-0 12. 0-0 Ne7 13. Nxd6 Qxd6 14. a3 Ned5 15. Qc2 a6 16. Bd3 f5 17. Ne5 Bd7 18. Nc4 Nxc4 19. Bxc4 Rfc8 20. Qd3 Rxc4 21. Qxc4 Bb5 22. Qb3 Bxf1 23. Rxf1 b5 24. Rc1 Nb6 25. Bb4 Qd5 26. Qd1 h6 27. Rc5 Qe4 28. Re5 Qc6 29. Rc5 Qd7 30. Ba5 Nc4 31. Bc3 Rc8 32. Rxc8+ Qxc8 33. Qf3 Nxb2 34. Bxb2 Qc2 35. h3 Qxb2 36. Qa8+ Kh7 37. Qxa6 Qc1+ 38. Kh2 Qc4 39. Qd6 Qd5 40. Qxd5 exd5 41. Kg3 Kg6 42. Kf4 Kf6 43. Ke3 Ke6 44. Kd3 Kd6 45. Kc3 Kc6 46. f3 g6 47. g4 fxg4 48. fxg4 g5 49. Kb4 Kb6 50. a4 1/2-1/2